000
00327nam a22001457a 4500
003
SGT
020
_a
9788173196478
082
_a
624.2,RAJ
100
_a
RAJAGOPALAN, N.
245
_a
BRIDGE SUPERSTRUCTURE
260
_a
NEW DELHI
_b
NAROSA PUB. HOUSE
_c
2017
300
_a
256
650
_a
CIVIL ENGINEERING
942
_2
ddc
_c
BK
999
_c
24905
_d
24905